000 00522cam a22002171 4500
001 7365297
003 OSt
005 20180110074457.0
008 880322s1931 nyu 000 0 eng
010 _a 36028489
035 _a(OCoLC)17659712
040 _aDLC
_cAU
_dDLC
041 _aeng
042 _apremarc
080 _a620.112
100 1 _a21
101 _aGJL
245 1 0 _aAbraham Lincoln;
_cby Carl Sandburg.
906 _a7
_bcbc
_coclcrpl
_du
_encip
_f19
_gy-gencatlg
942 _2ddc
_cBK
999 _c40008
_d40008